The WiSH Switch / (Record no. 204098)
[ view plain ]
| 000 -LEADER | |
|---|---|
| fixed length control field | 01084nam a2200289 i 4500 |
| 003 - CONTROL NUMBER IDENTIFIER | |
| control field | OSt |
| 005 - DATE AND TIME OF LATEST TRANSACTION | |
| control field | 20260505120448.0 |
| 008 - FIXED-LENGTH DATA ELEMENTS--GENERAL INFORMATION | |
| fixed length control field | 260505s2025 nyu |crb 000 f eng d |
| 020 ## - INTERNATIONAL STANDARD BOOK NUMBER | |
| International Standard Book Number | 9780316578578 |
| Terms of availability | RM 47.95 |
| Qualifying information | paperback |
| 040 ## - CATALOGING SOURCE | |
| Original cataloging agency | PPAK |
| Language of cataloging | eng |
| Transcribing agency | PPAK |
| Description conventions | rda |
| 082 04 - DEWEY DECIMAL CLASSIFICATION NUMBER | |
| Edition number | 23 |
| Classification number | 813.6 |
| 090 00 - LOCALLY ASSIGNED LC-TYPE CALL NUMBER (OCLC); LOCAL CALL NUMBER (RLIN) | |
| Classification number (OCLC) (R) ; Classification number, CALL (RLIN) (NR) | 813.6 |
| Feature heading | PAI |
| Feature heading | K |
| 100 1# - MAIN ENTRY--PERSONAL NAME | |
| Personal name | Painter, Lynn, |
| Relator term | author. |
| 245 10 - TITLE STATEMENT | |
| Title | The WiSH Switch / |
| Statement of responsibility, etc. | LYNN PAINTER |
| 250 ## - EDITION STATEMENT | |
| Edition statement | First Edition. |
| 264 #1 - PRODUCTION, PUBLICATION, DISTRIBUTION, MANUFACTURE, AND COPYRIGHT NOTICE | |
| Place of production, publication, distribution, manufacture | New York : |
| Name of producer, publisher, distributor, manufacturer | Little, Brown and Company, |
| Date of production, publication, distribution, manufacture, or copyright notice | 2025 |
| 300 ## - PHYSICAL DESCRIPTION | |
| Extent | 310 pages ; |
| Dimensions | 20 cm |
| 336 ## - CONTENT TYPE | |
| Content type term | text |
| Source | rdacontent |
| 337 ## - MEDIA TYPE | |
| Media type term | unmediated |
| Source | rdamedia |
| 338 ## - CARRIER TYPE | |
| Carrier type term | volume |
| Source | rdacarrier |
| 520 ## - SUMMARY, ETC. | |
| Summary, etc. | "Emma tries to tap into her town's mythical magic to get four wishes granted, but when things go epically wrong, she must team up with Jackson, her infuriating new neighbor, in order to set things right"-- <br/> |
| Assigning source | Provided by publisher |
| 650 10 - SUBJECT ADDED ENTRY--TOPICAL TERM | |
| Topical term or geographic name entry element | Wishes |
| Form subdivision | Juvenile fiction |
| Topical term or geographic name entry element | Magic |
| Form subdivision | Juvenile fiction |
| Topical term or geographic name entry element | Friendship |
| Form subdivision | Juvenile fiction |
| 655 #7 - INDEX TERM--GENRE/FORM | |
| Genre/form data or focus term | Magic realist fiction. |
| 942 ## - ADDED ENTRY ELEMENTS (KOHA) | |
| Source of classification or shelving scheme | Dewey Decimal Classification |
| Koha item type | Book |
| Withdrawn | Not for loan | Current library | Shelving location | Date acquired | Total Checkouts | Full call number | Barcode | Date last seen | Koha item type |
|---|---|---|---|---|---|---|---|---|---|
| Perpustakaan Alor Setar | Pinjaman Kanak-kanak | 12/05/2026 | K 813.6 PAI | A01916374 | 12/05/2026 | Book | |||
| Perpustakaan Awam Sungai Petani | Pinjaman Kanak-kanak | 12/05/2026 | K 813.6 PAI | A01916375 | 12/05/2026 | Book | |||
| Perpustakaan Baling | Pinjaman Kanak-kanak | 12/05/2026 | K 813.6 PAI | A01916379 | 12/05/2026 | Book | |||
| Perpustakaan Bandar Baharu | Pinjaman Kanak-kanak | 12/05/2026 | K 813.6 PAI | A01916380 | 12/05/2026 | Book | |||
| Perpustakaan Jitra | Pinjaman Kanak-kanak | 12/05/2026 | K 813.6 PAI | A01916376 | 12/05/2026 | Book | |||
| Perpustakaan Kulim | Pinjaman Kanak-kanak | 12/05/2026 | K 813.6 PAI | A01916378 | 12/05/2026 | Book | |||
| Perpustakaan Langkawi | Pinjaman Kanak-kanak | 12/05/2026 | K 813.6 PAI | A01916377 | 12/05/2026 | Book |